• 首页
  • 本馆介绍
  • 公告通知
  • 最新文献
  • 馆藏检索
  • 电子资源
  • 读者导购
  • 参考咨询
  • 我的图书馆
  • 登录
  • 详细信息显示
  • 放入我的书架
  • 预约/预借图书
  • 作者相关作品
  • 分类相关作品
  • 丛书相关作品
  • 出版社相关作品

书目信息

  • 表格格式
  • 工作单格式
  • 卡片格式
题名:
邮票上的法国文学
    
 
作者: 杨健 , 郝一舒 编著
分册:  
出版信息: 上海   同济大学出版社  2014
页数: 347页
开本: 26cm
丛书名:
单 册:
中图分类: G262.2-64 , I565.09
科图分类:
主题词: 邮票--世界--图集 , 文学史--法国--通俗读物
电子资源:
ISBN: 978-7-5608-5466-3
000 01281nam0 2200277 450
001 338677
005 20150603153838.67
010    @a978-7-5608-5466-3@dCNY228.00
100    @a20140925d2014 em y0chiy50 ea
101 0  @achi
102    @aCN@b310000
105    @aa z 000yy
106    @ar
200 1  @a邮票上的法国文学@Ayou piao shang de fa guo wen xue@d= La litterature Francaise en timbre@f杨健, 郝一舒编著@zfre
210    @a上海@c同济大学出版社@d2014
215    @a347页@d26cm
330    @a本书是一部文学邮票集, 以法国文学经典著作为“经”, 以作家、作品涉及到的社会、自然、地理、艺术背景为“纬”, 通过一千多枚邮票, 串联起法国的人文巨人拉伯雷、戏剧家莫里哀、启蒙思想家孟德斯鸠和伏尔泰、文学大师雨果, 还有小说家巴尔扎克、大仲马、凡尔纳、都德、莫泊桑等, 展现了“在邮票中欣赏画面, 在画面中品味名著”的艺术样式, 带领读者在法国文学文艺复兴、古典主义、启蒙时代、浪漫主义的数百年历史长河中徜徉, 为读者铺展开一部记录在世界各国邮票上的文化发展历程。
510 1  @aLitterature Francaise en timbre@zfre
606 0  @a邮票@y世界@j图集
606 0  @a文学史@y法国@j通俗读物
690    @aG262.2-64@v5
690    @aI565.09@v5
701  0 @a杨健@Ayang jian@4编著
701  0 @a郝一舒@Ahao yi shu@f(1964)@4编著
801  0 @aCN@b卓展宏图@c20150525
905    @dG262.2-64@e11@f4
    
    邮票上的法国文学= La litterature Francaise en timbre/杨健, 郝一舒编著.-上海:同济大学出版社,2014
    347页;26cm
    
    
    ISBN 978-7-5608-5466-3:CNY228.00
    本书是一部文学邮票集, 以法国文学经典著作为“经”, 以作家、作品涉及到的社会、自然、地理、艺术背景为“纬”, 通过一千多枚邮票, 串联起法国的人文巨人拉伯雷、戏剧家莫里哀、启蒙思想家孟德斯鸠和伏尔泰、文学大师雨果, 还有小说家巴尔扎克、大仲马、凡尔纳、都德、莫泊桑等, 展现了“在邮票中欣赏画面, 在画面中品味名著”的艺术样式, 带领读者在法国文学文艺复兴、古典主义、启蒙时代、浪漫主义的数百年历史长河中徜徉, 为读者铺展开一部记录在世界各国邮票上的文化发展历程。
●
相关链接 在E读中查询图书 在五车中查询图书 在当当中查询图书 在豆瓣中查询图书


正题名:邮票上的法国文学     索取号:G262.2-64/11         预约/预借

序号 登录号 条形码 馆藏地/架位号 状态 备注
1 860083   208600833   第一样本阅览室/ [索取号:G262.2-64/11] 在馆    
2 860084   208600842   第四借阅区/ [索取号:G262.2-64/11] 在馆    
3 860085   208600851   第四借阅区/ [索取号:G262.2-64/11] 在馆    
4 860086   208600860   第四借阅区/ [索取号:G262.2-64/11] 在馆    
唐山师范学院图书馆 欢迎您!
大连网信软件有限公司© 版权所有